MARC

LEADER 00000nas a2200000 i 4500
001 ssj0000993982
003 WaSeSS
005 20200512172242.0
006 m d
007 cr n
008 060630c20uu9999ck fr p s 0 a0spa d
022 |y 0120-131X 
035 |a (WaSeSS)ssj0000993982 
040 |a WaSeSS  |b eng  |c WaSeSS  |d WaSeSS 
050 4 |a BL65.H8 
245 0 0 |a Cuestiones teológicas  |h [electronic resource]. 
260 |a Medellin, Colombia :  |b Universidad Pontificia Bolivariana, Escuela de Teología, Filosofía y Humanidades 
310 |a Two issues a year 
506 |a License restrictions may limit access. 
515 |a Some issues have a distinctive title. 
588 |a Description based on: Vol. 40, No. 93 (2013); title from journal table of contents page (publisher's website, viewed Oct. 17, 2013).  
588 |a Latest issue consulted: Vol. 32, No. 77 (2005) (viewed Oct. 17, 2013). 
650 0 |a Religion and the humanities  |v Periodicals. 
650 0 |a Theology  |v Periodicals. 
655 0 |a Electronic journals. 
710 2 |a Universidad Pontificia Bolivariana.  |b Facultad de Teología. 
776 0 8 |i Print version:   |t Cuestiones teológicas  |x 0120-131X 
780 0 0 |t Cuestiones teológicas y filosóficas 
856 4 0 |z Full text available from Research Library: 01/01/2010 to present  |u https://search.proquest.com/publication/616384